000 00483nam a2200205Ia 4500
003 OSt
005 20220918231528.0
006 a|||||r|||| 00| 0
007 ta
008 220917b |||||||| |||| 00| 0 eng d
024 _a304,419
037 _cTextual
040 _aARTS
_cARTS
_beng
041 _2eng
_aeng
082 _aO1591:gN, L3
245 0 _aOdia sahityara aga pachha
260 _c1973
942 _hO1591:gN, L3
_cTEXL
_2CC
999 _c291551
_d291551